ბათუმის შოთა რუსთაველის სახელმწიფო უნივერსიტეტის ბიბლიოთეკა

Yedi İklim Türkçe : (ბიბ.ჩანაწერი № 61632)

000 -LEADER
fixed length control field 00620nam a22001697a 4500
005 - DATE AND TIME OF LATEST TRANSACTION
control field 20240403104957.0
008 - FIXED-LENGTH DATA ELEMENTS--GENERAL INFORMATION
fixed length control field 240403s2015 tu ||||| |||| 00| 0 tur d
020 ## - INTERNATIONAL STANDARD BOOK NUMBER
International Standard Book Number 9786058701021x
041 ## - LANGUAGE CODE
Language code of text/sound track or separate title tur
080 ## - UNIVERSAL DECIMAL CLASSIFICATION NUMBER
Universal Decimal Classification number 811.512.16(075) Y-40
245 ## - TITLE STATEMENT
Title Yedi İklim Türkçe :
Remainder of title A 2 : Çalışma Kitabı /
Statement of responsibility, etc. İbrahim Gültekin, Mahir Kalfa, İbrahim Atabey, Filiz Mete, Aydan Eryiğit, Uğur Kılıç.
264 ## - PRODUCTION, PUBLICATION, DISTRIBUTION, MANUFACTURE, AND COPYRIGHT NOTICE
Place of production, publication, distribution, manufacture Ankara :
Name of producer, publisher, distributor, manufacturer Yunus emre enstitusu,
Date of production, publication, distribution, manufacture, or copyright notice 2015.
300 ## - PHYSICAL DESCRIPTION
Extent 100 p. :
Other physical details ill.;
Dimensions 30 cm
653 ## - INDEX TERM--UNCONTROLLED
keyword თურქული ენა
653 ## - INDEX TERM--UNCONTROLLED
keyword სავარჯიშო რვეული
942 ## - ADDED ENTRY ELEMENTS (KOHA)
Source of classification or shelving scheme
Koha item type წიგნი
ეგზემპლარები
Withdrawn status Lost status Source of classification or shelving scheme Damaged status Not for loan Permanent Location Current Location Shelving location Date acquired Serial Enumeration / chronology Full call number Barcode Date last seen Copy number Uniform Resource Identifier Price effective from Koha item type Public note Cost, normal purchase price
          ბათუმის შოთა რუსთაველის სახელმწიფო უნივერსიტეტის მთავარი ბიბლიოთეკა ბათუმის შოთა რუსთაველის სახელმწიფო უნივერსიტეტის მთავარი ბიბლიოთეკა წიგნსაცავი 2024-04-03 10.00 811.512.16(075) Y-40 67779 2024-04-03 67779 ნაჩუქარი 2024-04-03 წიგნი 10 ლ.  
          ბათუმის შოთა რუსთაველის სახელმწიფო უნივერსიტეტის მთავარი ბიბლიოთეკა ბათუმის შოთა რუსთაველის სახელმწიფო უნივერსიტეტის მთავარი ბიბლიოთეკა წიგნსაცავი 2024-04-03 10.00 811.512.16(075) Y-40 67778 2024-04-03 67778 ნაჩუქარი 2024-04-03 წიგნი 10 ლ.  
          ბათუმის შოთა რუსთაველის სახელმწიფო უნივერსიტეტის მთავარი ბიბლიოთეკა ბათუმის შოთა რუსთაველის სახელმწიფო უნივერსიტეტის მთავარი ბიბლიოთეკა წიგნსაცავი 2024-04-03   811.512.16(075) Y-40 67777 2024-04-03 67777 ნაჩუქარი 2024-04-03 წიგნი 10 ლ. 10.00